000
00239nam a22000857a 4500
999
_c
516423
_d
516423
100
_a
Deve, Cataria
_9
22919
245
_a
Beyond horizon :
_b
Is a beautiful virgin world
_c
by Cataria Deve
260
_a
New Delhi
_b
Vandeepkam
_c
2002
300
_a
256p.